000 00335nam a22001457a 4500
008 210301b ||||| |||| 00| 0 eng d
020 _a9781884585326
041 _aeng
080 _22nd
_a37
082 _a37
100 _a46
101 _aEDU
245 _aQuestionnaire Research a Practical Guide
_cPatten, M. L
942 _2udc
_cBK
999 _c55310
_d55310